[Event "CZE National Open 2020"]
[Site "Kouty nad Desnou"]
[Date "2020.03.09"]
[Round "4.1"]
[White "Slepankova, Radka"]
[Black "Mrkvan, Frantisek"]
[Result "1/2-1/2"]
[WhiteElo "1953"]
[BlackElo "1480"]
[Annotator "ChessBase"]
[PlyCount "63"]
[EventDate "2020.03.07"]
[EventCountry "CZE"]
[SourceTitle "playchess.com"]
[Source "ChessBase"]
[SourceQuality "1"]
[TimeControl "5400+30"]

1. c4 {[%emt 0:00:00]} e5 {[%emt 0:00:00]} 2. Nc3 {[%emt 0:00:00]} Nf6 {[%emt 0:00:21]} 3. g3 {[%emt 0:00:00]} d5 {[%emt 0:00:08]} 4. cxd5 {[%emt 0:00:06]} Nxd5 {[%emt 0:00:06]} 5. Bg2 {[%emt 0:00:04]} Nb6 {[%emt 0:00:08]} 6. d3 {[%emt 0:00:21]} Nc6 {[%emt 0:01:12]} 7. Nf3 {[%emt 0:00:28]} Be7 {[%emt 0:00:52]} 8. Bd2 {[%emt 0:01:00]} O-O {[%emt 0:01:15]} 9. O-O {[%emt 0:00:07]} Be6 {[%emt 0:00:22]} 10. Rc1 {[%emt 0:00:47]} Qd7 {[%emt 0:01:40]} 11. Ne4 {[%emt 0:00:34]} Bh3 {[%emt 0:06:48]} 12. Nc5 {[%emt 0:00:34]} Bxc5 {[%emt 0:00:44]} 13. Rxc5 {[%emt 0:00:05]} Bxg2 {[%emt 0:00:06]} 14. Kxg2 {[%emt 0:00:05]} f6 {[%emt 0:01:03]} 15. b4 {[%emt 0:00:42]} Ne7 {[%emt 0:06:03]} 16. Qb3+ {[%emt 0:00:43]} Kh8 {[%emt 0:00:10]} 17. Rfc1 {[%emt 0:00:10]} Rac8 {[%emt 0:01:08]} 18. b5 {[%emt 0:00:39]} c6 {[%emt 0:07:39]} 19. a4 {[%emt 0:00:38]} cxb5 {[%emt 0:00:44]} 20. axb5 {[%emt 0:01:02]} Rxc5 {[%emt 0:00:31]} 21. Rxc5 {[%emt 0:00:08]} Rc8 {[%emt 0:01:38]} 22. Qc2 {[%emt 0:00:35]} Qxb5 {[%emt 0:04:16]} 23. Rxc8+ {[%emt 0:01:03]} Nexc8 {[%emt 0:02:04]} 24. Qc7 {[%emt 0:00:13]} Qd7 {[%emt 0:00:30]} 25. Qc5 {[%emt 0:01:50]} Qd6 {[%emt 0:01:58]} 26. Qa5 {[%emt 0:00:24]} Qd5 {[%emt 0:02:53]} 27. Qa3 {[%emt 0:00:28]} Kg8 {[%emt 0:04:31]} 28. Be3 {[%emt 0:00:41]} Kf7 {[%emt 0:03:26]} 29. Qc3 {[%emt 0:02:22]} Qc6 {[%emt 0:01:35]} 30. Qb3+ {[%emt 0:00:07]} Qd5 {[%emt 0:00:38]} 31. Qc3 {[%emt 0:00:24]} Qc6 {[%emt 0:00:32]} 32. Qb3+ 1/2-1/2

[Event "CZE National Open 2020"]
[Site "Kouty nad Desnou"]
[Date "2020.03.09"]
[Round "4.2"]
[White "Cizek, Jan"]
[Black "Hrbek, Jachym"]
[Result "0-1"]
[WhiteElo "1566"]
[BlackElo "1433"]
[Annotator "NA"]
[PlyCount "86"]
[EventDate "2020.03.07"]
[EventCountry "CZE"]
[SourceTitle "playchess.com"]
[Source "ChessBase"]
[SourceQuality "1"]
[TimeControl "5400+30"]

1. e4 {[%emt 0:00:03]} c5 {[%emt 0:00:00]} 2. Nf3 {[%emt 0:00:20]} Nc6 {[%emt 0:00:00]} 3. d4 {[%emt 0:00:06]} cxd4 {[%emt 0:00:00]} 4. Nxd4 {[%emt 0:00:09]} e5 {[%emt 0:00:00]} 5. Nb5 {[%emt 0:00:27]} d6 {[%emt 0:00:38]} 6. N1c3 {[%emt 0:01:48]} a6 {[%emt 0:00:09]} 7. Na3 {[%emt 0:00:06]} b5 {[%emt 0:00:24]} 8. Nd5 {[%emt 0:00:10]} Nf6 {[%emt 0:00:45]} 9. Bg5 {[%emt 0:00:17]} Be7 {[%emt 0:00:12]} 10. Bxf6 {[%emt 0:00:20]} Bxf6 {[%emt 0:00:20]} 11. c3 {[%emt 0:01:19]} Be6 {[%emt 0:04:26]} 12. Nc2 {[%emt 0:01:12]} Ne7 {[%emt 0:05:17]} 13. Nce3 {[%emt 0:01:59]} O-O {[%emt 0:03:10]} 14. Nxf6+ {[%emt 0:02:55]} gxf6 {[%emt 0:00:06]} 15. Bd3 {[%emt 0:02:43]} Kh8 {[%emt 0:04:06]} 16. Qf3 {[%emt 0:01:57]} Nc6 {[%emt 0:11:29]} 17. Nd5 {[%emt 0:01:13]} Kg7 {[%emt 0:15:10]} 18. Qg3+ {[%emt 0:02:11]} Kh8 {[%emt 0:00:14]} 19. Qh4 {[%emt 0:00:14]} Kg7 {[%emt 0:00:32]} 20. O-O {[%emt 0:07:54]} f5 {[%emt 0:04:06]} 21. Qg3+ {[%emt 0:04:21]} Kh8 {[%emt 0:00:28]} 22. f4 {[%emt 0:00:52]} Rg8 {[%emt 0:03:18]} 23. Qf2 {[%emt 0:01:37]} fxe4 {[%emt 0:02:51]} 24. Bxe4 {[%emt 0:03:07]} f5 {[%emt 0:00:15]} 25. Nf6 {[%emt 0:01:04]} Qxf6 {[%emt 0:00:46]} 26. Bxc6 {[%emt 0:00:10]} Raf8 {[%emt 0:01:30]} 27. Rad1 {[%emt 0:01:57]} Bxa2 {[%emt 0:01:56]} 28. Qb6 {[%emt 0:02:42]} d5 {[%emt 0:08:54]} 29. fxe5 {[%emt 0:01:04]} Qg6 {[%emt 0:00:16]} 30. Rf2 {[%emt 0:04:09]} Rc8 {[%emt 0:00:48]} 31. Qxa6 {[%emt 0:01:16]} Bc4 {[%emt 0:07:51]} 32. Bb7 {[%emt 0:02:40]} Qxa6 {[%emt 0:01:06]} 33. Bxa6 {[%emt 0:00:07]} Rc7 {[%emt 0:00:40]} 34. Rxf5 {[%emt 0:02:31]} Ra7 {[%emt 0:01:37]} 35. Bxb5 {[%emt 0:00:39]} Bxb5 {[%emt 0:00:07]} 36. Rxd5 {[%emt 0:00:07]} Ra1+ {[%emt 0:00:13]} 37. Kf2 {[%emt 0:00:14]} Rf1+ {[%emt 0:00:06]} 38. Ke3 {[%emt 0:00:14]} Rxf5 {[%emt 0:00:07]} 39. Rxb5 {[%emt 0:00:09]} Re8 {[%emt 0:01:00]} 40. Ke4 {[%emt 0:00:07]} Rf2 {[%emt 0:00:18]} 41. Kd5 {[%emt 0:00:40]} Kg8 {[%emt 0:00:47]} 42. Kd6 {[%emt 0:00:16]} Rd2+ {[%emt 0:00:53]} 43. Rd5 {[%emt 0:00:26]} Rd8+ {[%emt 0:00:13]} 0-1

[Event "CZE National Open 2020"]
[Site "Kouty nad Desnou"]
[Date "2020.03.09"]
[Round "4.3"]
[White "Cerny, Michael"]
[Black "Vyhnalek, Jan"]
[Result "1/2-1/2"]
[WhiteElo "1513"]
[BlackElo "1528"]
[Annotator "NA"]
[PlyCount "42"]
[EventDate "2020.03.07"]
[EventCountry "CZE"]
[SourceTitle "playchess.com"]
[Source "ChessBase"]
[SourceQuality "1"]
[TimeControl "5400+30"]

1. c4 {[%emt 0:00:00]} e5 {[%emt 0:00:00]} 2. Nc3 {[%emt 0:00:00]} d6 {[%emt 0:00:00]} 3. Nf3 {[%emt 0:00:06]} Nf6 {[%emt 0:00:23]} 4. d3 {[%emt 0:00:45]} Nc6 {[%emt 0:00:24]} 5. g3 {[%emt 0:00:20]} g6 {[%emt 0:00:13]} 6. Bg2 {[%emt 0:00:30]} Bg7 {[%emt 0:00:01]} 7. O-O {[%emt 0:00:31]} O-O {[%emt 0:00:02]} 8. Rb1 {[%emt 0:01:12]} a5 {[%emt 0:00:54]} 9. Bd2 {[%emt 0:03:29]} Be6 {[%emt 0:00:47]} 10. a3 {[%emt 0:02:39]} h6 {[%emt 0:03:40]} 11. b4 {[%emt 0:01:11]} axb4 {[%emt 0:00:17]} 12. axb4 {[%emt 0:00:07]} Qd7 {[%emt 0:00:22]} 13. b5 {[%emt 0:09:16]} Ne7 {[%emt 0:01:32]} 14. Na4 {[%emt 0:03:16]} Bh3 {[%emt 0:02:36]} 15. c5 {[%emt 0:02:04]} Bxg2 {[%emt 0:00:29]} 16. Kxg2 {[%emt 0:00:10]} Rfd8 {[%emt 0:30:05]} 17. cxd6 {[%emt 0:06:12]} Qxd6 {[%emt 0:00:53]} 18. Bb4 {[%emt 0:00:30]} Qe6 {[%emt 0:06:32]} 19. Nc5 {[%emt 0:03:13]} Qb6 {[%emt 0:03:49]} 20. Nxe5 {[%emt 0:05:01]} Nfd5 {[%emt 0:05:45]} 21. Ncd7 {[%emt 0:05:19]} Qe6 1/2-1/2

[Event "CZE National Open 2020"]
[Site "Kouty nad Desnou"]
[Date "2020.03.09"]
[Round "4.4"]
[White "Sedy, Matej"]
[Black "Klabenes, Petr"]
[Result "1-0"]
[WhiteElo "1443"]
[BlackElo "1672"]
[Annotator "NA"]
[PlyCount "89"]
[EventDate "2020.03.07"]
[EventCountry "CZE"]
[SourceTitle "playchess.com"]
[Source "ChessBase"]
[SourceQuality "1"]
[TimeControl "5400+30"]

1. e4 {[%emt 0:00:00]} c5 {[%emt 0:00:00]} 2. Nf3 {[%emt 0:00:33]} Nc6 {[%emt 0:00:09]} 3. c4 {[%emt 0:00:40]} e5 {[%emt 0:00:35]} 4. Nc3 {[%emt 0:02:28]} g6 {[%emt 0:01:54]} 5. Be2 {[%emt 0:03:06]} Bg7 {[%emt 0:00:48]} 6. O-O {[%emt 0:01:44]} d6 7. h3 {[%emt 0:03:59]} Nge7 {[%emt 0:02:35]} 8. d3 {[%emt 0:02:04]} O-O {[%emt 0:01:12]} 9. Nd5 {[%emt 0:07:58]} Nxd5 {[%emt 0:05:56]} 10. cxd5 {[%emt 0:00:37]} Nd4 {[%emt 0:00:54]} 11. Bd2 {[%emt 0:03:49]} f5 {[%emt 0:02:30]} 12. b4 {[%emt 0:02:13]} b6 {[%emt 0:01:12]} 13. Nxd4 {[%emt 0:06:58]} cxd4 {[%emt 0:02:54]} 14. b5 {[%emt 0:02:47]} Bd7 {[%emt 0:02:29]} 15. a4 {[%emt 0:01:39]} Rc8 {[%emt 0:03:20]} 16. Qb3 {[%emt 0:02:07]} f4 {[%emt 0:02:25]} 17. Bf3 {[%emt 0:04:59]} Qg5 {[%emt 0:03:07]} 18. Kh2 {[%emt 0:02:35]} Qh6 {[%emt 0:03:15]} 19. Rfc1 {[%emt 0:06:54]} g5 {[%emt 0:00:38]} 20. Qd1 {[%emt 0:01:31]} Qh4 {[%emt 0:01:25]} 21. Kg1 {[%emt 0:03:03]} Bf6 {[%emt 0:07:18]} 22. Bg4 {[%emt 0:08:21]} Bxg4 {[%emt 0:00:54]} 23. Qxg4 {[%emt 0:01:00]} Qxg4 {[%emt 0:00:11]} 24. hxg4 {[%emt 0:00:10]} Kf7 {[%emt 0:01:56]} 25. Rc6 {[%emt 0:01:41]} Rxc6 {[%emt 0:00:51]} 26. bxc6 {[%emt 0:02:16]} Bd8 {[%emt 0:01:15]} 27. a5 {[%emt 0:01:50]} b5 {[%emt 0:03:24]} 28. a6 {[%emt 0:00:32]} Bb6 {[%emt 0:06:15]} 29. Ba5 {[%emt 0:01:08]} Ke7 {[%emt 0:01:00]} 30. Bxb6 {[%emt 0:01:30]} axb6 {[%emt 0:00:21]} 31. a7 {[%emt 0:01:04]} Ra8 {[%emt 0:00:15]} 32. Ra6 {[%emt 0:02:46]} Kd8 {[%emt 0:00:31]} 33. Kf1 {[%emt 0:00:55]} Kc7 {[%emt 0:01:49]} 34. Ke1 {[%emt 0:00:57]} b4 {[%emt 0:04:50]} 35. Kd1 {[%emt 0:00:38]} b3 {[%emt 0:00:47]} 36. Kc1 {[%emt 0:00:29]} b5 {[%emt 0:01:51]} 37. Kb2 {[%emt 0:00:31]} Kc8 {[%emt 0:01:59]} 38. Kxb3 {[%emt 0:00:33]} Kc7 {[%emt 0:00:15]} 39. Kb4 {[%emt 0:00:29]} Kc8 {[%emt 0:00:08]} 40. Kxb5 {[%emt 0:00:16]} Kc7 {[%emt 0:00:06]} 41. Ka5 {[%emt 0:00:48]} h5 {[%emt 0:00:56]} 42. gxh5 {[%emt 0:01:22]} g4 {[%emt 0:00:09]} 43. h6 {[%emt 0:01:46]} f3 {[%emt 0:01:05]} 44. g3 {[%emt 0:00:55]} Rh8 {[%emt 0:00:24]} 45. Rb6 {[%emt 0:00:42]} 1-0

[Event "CZE National Open 2020"]
[Site "Kouty nad Desnou"]
[Date "2020.03.09"]
[Round "4.5"]
[White "Steinbauer, Sebastian"]
[Black "Vcela, Martin"]
[Result "1-0"]
[WhiteElo "1527"]
[BlackElo "1307"]
[Annotator "NA"]
[PlyCount "87"]
[EventDate "2020.03.07"]
[EventCountry "CZE"]
[SourceTitle "playchess.com"]
[Source "ChessBase"]
[SourceQuality "1"]
[TimeControl "5400+30"]

1. e4 {[%emt 0:00:00]} c5 {[%emt 0:00:00]} 2. d4 {[%emt 0:00:02]} cxd4 {[%emt 0:00:00]} 3. c4 dxc3 {[%emt 0:00:21]} 4. Nxc3 {[%emt 0:00:14]} Nc6 {[%emt 0:00:18]} 5. Bc4 {[%emt 0:00:07]} d6 {[%emt 0:00:29]} 6. Nf3 {[%emt 0:00:11]} Nf6 {[%emt 0:00:29]} 7. e5 {[%emt 0:00:18]} Nd7 {[%emt 0:00:40]} 8. exd6 {[%emt 0:02:13]} exd6 {[%emt 0:00:17]} 9. O-O {[%emt 0:01:35]} Be7 {[%emt 0:00:09]} 10. Nd5 {[%emt 0:01:08]} O-O {[%emt 0:00:44]} 11. Nxe7+ {[%emt 0:00:27]} Qxe7 {[%emt 0:00:47]} 12. Re1 {[%emt 0:00:17]} Qd8 {[%emt 0:01:40]} 13. Bd2 {[%emt 0:02:54]} Nb6 {[%emt 0:02:11]} 14. Bd3 {[%emt 0:01:34]} Bg4 {[%emt 0:01:23]} 15. Qc2 {[%emt 0:03:32]} Bxf3 {[%emt 0:03:35]} 16. Bxh7+ {[%emt 0:00:29]} Kh8 {[%emt 0:00:10]} 17. gxf3 {[%emt 0:00:15]} g6 {[%emt 0:00:33]} 18. Bxg6 {[%emt 0:00:31]} fxg6 {[%emt 0:00:10]} 19. Rad1 {[%emt 0:04:12]} Kh7 {[%emt 0:02:27]} 20. Bc3 {[%emt 0:02:28]} Qg5+ {[%emt 0:00:44]} 21. Kh1 {[%emt 0:01:03]} Ne5 {[%emt 0:06:09]} 22. Rg1 {[%emt 0:01:44]} Qh5 {[%emt 0:00:57]} 23. Rde1 {[%emt 0:04:39]} Qxf3+ {[%emt 0:07:42]} 24. Rg2 {[%emt 0:00:31]} Rae8 {[%emt 0:07:11]} 25. Bxe5 {[%emt 0:00:32]} Rf5 {[%emt 0:03:17]} 26. Qc7+ {[%emt 0:01:04]} Rf7 {[%emt 0:01:17]} 27. Qxd6 {[%emt 0:00:14]} Qc6 {[%emt 0:04:15]} 28. Qd3 {[%emt 0:04:01]} Rxe5 {[%emt 0:03:48]} 29. Rxe5 {[%emt 0:00:26]} Rxf2 {[%emt 0:02:15]} 30. Re7+ {[%emt 0:03:11]} Kg8 {[%emt 0:03:12]} 31. Qxg6+ {[%emt 0:01:07]} Qxg6 {[%emt 0:00:10]} 32. Rxg6+ {[%emt 0:00:19]} Kf8 {[%emt 0:00:09]} 33. Rxb7 {[%emt 0:00:17]} Rxb2 {[%emt 0:00:18]} 34. Rxa7 {[%emt 0:00:59]} Nd5 {[%emt 0:00:44]} 35. Rg2 {[%emt 0:03:29]} Rb1+ {[%emt 0:01:05]} 36. Rg1 {[%emt 0:00:13]} Rb6 {[%emt 0:00:14]} 37. Rd1 {[%emt 0:00:50]} Nf6 {[%emt 0:00:47]} 38. Rd8+ {[%emt 0:00:20]} Ne8 {[%emt 0:00:21]} 39. Raa8 {[%emt 0:00:12]} Re6 {[%emt 0:00:27]} 40. Rxe8+ {[%emt 0:00:29]} Rxe8 {[%emt 0:00:08]} 41. Rxe8+ {[%emt 0:00:07]} Kxe8 {[%emt 0:00:07]} 42. Kg2 {[%emt 0:00:06]} Kd7 {[%emt 0:00:05]} 43. h4 {[%emt 0:00:12]} Ke6 {[%emt 0:00:20]} 44. Kg3 {[%emt 0:00:16]} 1-0

[Event "CZE National Open 2020"]
[Site "Kouty nad Desnou"]
[Date "2020.03.09"]
[Round "4.6"]
[White "Sichrovsky, Tomas"]
[Black "Cipl, Jan"]
[Result "1/2-1/2"]
[WhiteElo "1470"]
[BlackElo "1526"]
[Annotator "NA"]
[PlyCount "50"]
[EventDate "2020.03.07"]
[EventCountry "CZE"]
[SourceTitle "playchess.com"]
[Source "ChessBase"]
[SourceQuality "1"]
[TimeControl "5400+30"]

1. d4 {[%emt 0:00:00]} d5 {[%emt 0:00:08]} 2. c4 {[%emt 0:00:00]} e6 {[%emt 0:01:06]} 3. Nc3 {[%emt 0:00:00]} Nf6 {[%emt 0:01:07]} 4. Nf3 {[%emt 0:00:10]} c5 {[%emt 0:06:10]} 5. cxd5 {[%emt 0:01:11]} exd5 {[%emt 0:00:43]} 6. Bg5 {[%emt 0:01:21]} Be6 {[%emt 0:11:49]} 7. g3 {[%emt 0:03:50]} Nc6 {[%emt 0:03:43]} 8. Bxf6 {[%emt 0:05:28]} Qxf6 {[%emt 0:00:38]} 9. dxc5 {[%emt 0:00:49]} Bxc5 {[%emt 0:00:25]} 10. Bg2 {[%emt 0:01:09]} O-O {[%emt 0:02:10]} 11. O-O {[%emt 0:00:15]} Rad8 {[%emt 0:00:41]} 12. Qa4 {[%emt 0:01:55]} a6 {[%emt 0:01:31]} 13. Rac1 {[%emt 0:01:35]} Ba7 {[%emt 0:00:17]} 14. e3 {[%emt 0:06:00]} Rfe8 {[%emt 0:07:50]} 15. Rfd1 {[%emt 0:21:10]} d4 {[%emt 0:29:52]} 16. exd4 {[%emt 0:05:42]} Bg4 {[%emt 0:04:13]} 17. Rd3 {[%emt 0:12:38]} Bxf3 {[%emt 0:06:35]} 18. Rxf3 {[%emt 0:01:36]} Qxd4 {[%emt 0:01:17]} 19. Qb3 {[%emt 0:01:43]} Ne5 {[%emt 0:02:00]} 20. Rf4 {[%emt 0:01:03]} Qd7 {[%emt 0:03:58]} 21. Rd1 {[%emt 0:07:46]} Qe7 {[%emt 0:05:16]} 22. Rxd8 {[%emt 0:02:15]} Rxd8 {[%emt 0:00:24]} 23. Nd5 {[%emt 0:03:31]} Qc5 {[%emt 0:03:45]} 24. Nc3 {[%emt 0:03:45]} b5 {[%emt 0:01:05]} 25. Bd5 Rd7 1/2-1/2

[Event "CZE National Open 2020"]
[Site "Kouty nad Desnou"]
[Date "2020.03.09"]
[Round "4.7"]
[White "Svacina, Tobias"]
[Black "Hobza, Radek"]
[Result "1-0"]
[WhiteElo "1601"]
[BlackElo "1334"]
[Annotator "NA"]
[PlyCount "63"]
[EventDate "2020.03.07"]
[EventCountry "CZE"]
[SourceTitle "playchess.com"]
[Source "ChessBase"]
[SourceQuality "1"]
[TimeControl "5400+30"]

1. e4 {[%emt 0:00:00]} e6 {[%emt 0:00:00]} 2. d4 {[%emt 0:00:00]} d5 {[%emt 0:00:00]} 3. e5 {[%emt 0:00:00]} c5 {[%emt 0:00:14]} 4. c3 {[%emt 0:00:27]} Nc6 {[%emt 0:00:38]} 5. Nf3 {[%emt 0:00:41]} Qb6 {[%emt 0:01:23]} 6. Be2 {[%emt 0:01:00]} cxd4 {[%emt 0:02:01]} 7. cxd4 {[%emt 0:00:07]} Nge7 {[%emt 0:01:42]} 8. Na3 {[%emt 0:00:35]} Nf5 {[%emt 0:03:17]} 9. Nc2 {[%emt 0:00:12]} Bb4+ {[%emt 0:01:57]} 10. Kf1 {[%emt 0:01:02]} Be7 {[%emt 0:02:29]} 11. h4 {[%emt 0:02:32]} h5 {[%emt 0:06:09]} 12. g3 {[%emt 0:03:06]} Bd7 {[%emt 0:01:56]} 13. Kg2 {[%emt 0:02:11]} f6 {[%emt 0:10:13]} 14. Bd3 {[%emt 0:06:15]} g6 {[%emt 0:07:10]} 15. Re1 {[%emt 0:09:55]} O-O-O {[%emt 0:01:00]} 16. exf6 {[%emt 0:01:53]} Bxf6 {[%emt 0:00:16]} 17. Bg5 {[%emt 0:00:19]} Rdf8 {[%emt 0:07:26]} 18. Bxf5 {[%emt 0:03:50]} gxf5 {[%emt 0:04:18]} 19. Qd2 {[%emt 0:01:25]} Rhg8 {[%emt 0:05:10]} 20. b4 {[%emt 0:07:31]} Bxg5 {[%emt 0:09:37]} 21. Nxg5 {[%emt 0:00:50]} Rf6 {[%emt 0:00:42]} 22. Qf4 {[%emt 0:05:42]} Qc7 {[%emt 0:03:07]} 23. Nh3 {[%emt 0:08:46]} Rg4 {[%emt 0:02:36]} 24. Qxc7+ {[%emt 0:00:54]} Kxc7 {[%emt 0:00:09]} 25. Nf4 {[%emt 0:00:29]} Ne7 {[%emt 0:02:00]} 26. Ne3 {[%emt 0:01:30]} Rg8 {[%emt 0:01:43]} 27. Kh2 {[%emt 0:05:45]} Rh6 {[%emt 0:01:07]} 28. Re2 {[%emt 0:03:28]} Ng6 {[%emt 0:01:49]} 29. Neg2 {[%emt 0:00:21]} Kd6 {[%emt 0:01:05]} 30. Rc1 {[%emt 0:01:44]} Bb5 {[%emt 0:00:26]} 31. Rxe6+ {[%emt 0:00:39]} Kd7 {[%emt 0:00:20]} 32. Rce1 {[%emt 0:01:02]} 1-0

[Event "CZE National Open 2020"]
[Site "Kouty nad Desnou"]
[Date "2020.03.09"]
[Round "4.8"]
[White "Jun, Rostislav"]
[Black "Zaza, Martin"]
[Result "0-1"]
[WhiteElo "1342"]
[BlackElo "1574"]
[Annotator "NA"]
[PlyCount "54"]
[EventDate "2020.03.07"]
[EventCountry "CZE"]
[SourceTitle "playchess.com"]
[Source "ChessBase"]
[SourceQuality "1"]
[TimeControl "5400+30"]

1. e4 e5 2. d4 exd4 3. Qxd4 Nc6 4. Qe3 Nf6 5. Nc3 Bb4 6. Bd2 O-O 7. O-O-O Re8 8. Bd3 d5 9. Qe1 d4 10. Nb1 Bxd2+ 11. Nxd2 Be6 12. Kb1 Nb4 13. b3 Nxd3 14. cxd3 a5 15. Rc1 a4 16. Qd1 axb3 17. axb3 Qe7 18. Qc2 Ra6 19. Qb2 Rea8 20. Ngf3 c5 21. h3 b5 22. Rc2 Qa7 23. Kc1 Ra1+ 24. Nb1 Ra2 25. Qxa2 Qxa2 26. Rxa2 Rxa2 27. Nfd2 Nd7 0-1

[Event "CZE National Open 2020"]
[Site "Kouty nad Desnou"]
[Date "2020.03.09"]
[Round "4.9"]
[White "Pejrimovsky, Tadeas Rubel"]
[Black "Mrazek, Adam"]
[Result "1-0"]
[WhiteElo "1502"]
[BlackElo "1259"]
[Annotator "NA"]
[PlyCount "43"]
[EventDate "2020.03.07"]
[EventCountry "CZE"]
[SourceTitle "playchess.com"]
[Source "ChessBase"]
[SourceQuality "1"]
[TimeControl "5400+30"]

1. e4 {[%emt 0:00:00]} c5 {[%emt 0:00:00]} 2. b4 {[%emt 0:00:00]} cxb4 {[%emt 0:00:00]} 3. a3 {[%emt 0:00:22]} d5 {[%emt 0:00:00]} 4. exd5 {[%emt 0:01:47]} Qxd5 5. Nf3 {[%emt 0:01:56]} e5 {[%emt 0:01:29]} 6. c4 {[%emt 0:02:58]} Qe6 {[%emt 0:04:21]} 7. Bd3 {[%emt 0:02:58]} e4 {[%emt 0:30:40]} 8. O-O {[%emt 0:00:59]} Qf6 {[%emt 0:01:19]} 9. Bxe4 {[%emt 0:02:13]} Qxa1 {[%emt 0:01:59]} 10. Qb3 {[%emt 0:03:47]} Qf6 {[%emt 0:04:06]} 11. axb4 {[%emt 0:01:04]} Bd6 {[%emt 0:12:44]} 12. Bb2 {[%emt 0:04:05]} Qh6 {[%emt 0:01:08]} 13. c5 {[%emt 0:03:23]} Bc7 {[%emt 0:08:29]} 14. Bd5 {[%emt 0:02:00]} Qg6 {[%emt 0:08:04]} 15. Re1+ {[%emt 0:03:41]} Ne7 {[%emt 0:01:13]} 16. Nh4 {[%emt 0:03:05]} Qh5 {[%emt 0:03:15]} 17. Bxg7 {[%emt 0:01:36]} Qxh4 {[%emt 0:17:19]} 18. Bxf7+ {[%emt 0:00:43]} Kd8 {[%emt 0:00:09]} 19. g3 {[%emt 0:00:57]} Qg5 {[%emt 0:01:47]} 20. Bxh8 {[%emt 0:01:30]} Nbc6 {[%emt 0:00:31]} 21. Qd3+ {[%emt 0:01:17]} Bd7 {[%emt 0:00:30]} 22. Be6 {[%emt 0:00:25]} 1-0

[Event "CZE National Open 2020"]
[Site "Kouty nad Desnou"]
[Date "2020.03.10"]
[Round "5.1"]
[White "Hrbek, Jachym"]
[Black "Slepankova, Radka"]
[Result "0-1"]
[WhiteElo "1433"]
[BlackElo "1953"]
[Annotator "TA"]
[PlyCount "82"]
[EventDate "2020.03.07"]
[EventCountry "CZE"]
[SourceTitle "playchess.com"]
[Source "ChessBase"]
[SourceQuality "1"]

{[%evp 21,82,25,25,0,0,0,16,-7,-12,-17,0,-1,0,-2,-4,-25,-28,-35,0,0,0,-51,-51,-134,-127,-125,-141,-135,-135,-133,-118,-410,-414,-436,-438,-597,-428,-431,-424,-415,-364,-350,-385,-402,-275,-502,-400,-520,-510,-579,-570,-552,-506,-474,-472,-526,-500,-527,-492,-29970,-29972,-6894,-6689]} 1. e4 c5 2. c3 d5 3. exd5 Qxd5 4. d4 Nc6 5. Nf3 cxd4 6. cxd4 e5 7. Nc3 Bb4 8. Bd2 Bxc3 9. Bxc3 e4 10. Ne5 Nxe5 11. dxe5 Ne7 12. Qd4 {B22: Sicilian: 2 c3.} (12. Qe2 {is more complex.} O-O 13. Rd1 Qc6 14. Rd6 Qa4 15. b3) 12... Qxd4 13. Bxd4 Nc6 {[#]} 14. O-O-O $146 {The position is equal.} ({Predecessor:} 14. Bc3 Be6 15. Bb5 O-O-O 16. Bxc6 bxc6 17. O-O Rd3 18. Rfe1 Bd5 {½-½ (18) Hracek,Z (2530)-Ftacnik,L (2570) Pardubice 1994}) 14... Bg4 15. Rd2 O-O-O 16. Bc3 Rxd2 17. Kxd2 Rd8+ 18. Ke3 Rd1 19. f3 exf3 20. gxf3 Be6 21. f4 (21. a3 $11) 21... Ne7 $15 22. Bd2 (22. Bg2 $15 Rxh1 23. Bxh1) 22... Nd5+ $17 23. Ke2 Bg4+ 24. Kd3 Nxf4+ 25. Kc2 Ne6 26. Rg1 $2 {[%mdl 8192] Now White is beyond hope.} (26. Be3 $17) 26... Nd4+ $19 27. Kd3 {[#]} Rxd2+ $1 {[%mdl 576] Double Attack} 28. Ke3 (28. Kxd2 Nf3+) 28... Be6 29. Bd3 {intending Rc1+.} Rxb2 30. Kxd4 Rxa2 31. Rxg7 Rxh2 32. Bxh7 {[%mdl 4096] Endgame KRB-KRB} Kc7 33. Bg8 $2 (33. Bf5 Kc6 34. Be4+ Kc7 35. Rg1) 33... Rf2 34. Ke3 Rf1 35. Ke2 Rf5 36. Kd3 Kc6 37. Bh7 Rxe5 38. Be4+ Kb6 39. Rg2 Rb5 40. Bf3 (40. Rg8 $19) 40... Rb3+ 41. Ke4 {[#]} Rxf3 $1 {Accuracy: White = 38%, Black = 85%.} 0-1